| 000 | 02810cam a22005894i 4500 | ||
|---|---|---|---|
| 003 | PE-LiUPU | ||
| 005 | 20250731180128.0 | ||
| 008 | 150625s r 000 0 d | ||
| 020 | _a9688801674 | ||
| 035 | _a(Sirsi) i9789688801673 | ||
| 040 |
_aPE-LiUPU _bspa _cPE-LiUPU _erda |
||
| 049 | _aPRUA | ||
| 082 | 0 | 4 |
_a540 _bS73 _221 |
| 100 | 1 |
_aSeese, William S., _eautor. |
|
| 245 | 1 | 0 |
_aQuimica / _cWilliam S. Seese. |
| 264 | 1 |
_aMéxico : _bPrentice Hispanoamericana, S.A., _c1989. |
|
| 300 |
_a687 páginas : _bilus. ; _c26 centímetros |
||
| 336 |
_atext _2rdacontent |
||
| 337 |
_aunmediated _2rdamedia |
||
| 338 |
_avolume _2rdacarrier |
||
| 500 | _aGlosario (A-V). | ||
| 505 | 0 | _aMediciones. - Conceptos básicos sobre la materia. - Estructura del átomo. - Clasificación peródica de los elementos. - Estructura de los compuestos. - Momencaltura química de los compuestos inorgánicos. - Calculos donde participan elementos y compuestos. - Ecuaciones químicas. - Cálculos en las ecuacionwes químicas, estequiometría. - Gases. - Líquidos y sólidos. - agua. - soluciones y coloides. - Acidos, bases ecuaciones iónicas. - Ecuaciones de oxidación-reducción y electroquímica. - velocidades de reacción y equilibrios químicos. - Química orgánica I: Hidrocarburos. - Química orgánica II: Derivados de los hidrocarburos. - Química Nuclear. | |
| 526 | _aSEG44 | ||
| 526 | _aSEG26 | ||
| 526 | _aP159 | ||
| 526 | _aP155 | ||
| 526 | _aP154 | ||
| 526 | _aP153 | ||
| 526 | _aP150 | ||
| 526 | _aP100 | ||
| 526 | _aP31 | ||
| 526 | _aP30 | ||
| 526 | _aP26 | ||
| 526 | _aP25 | ||
| 526 | _aP24 | ||
| 526 | _aP22 | ||
| 526 | _aP15 | ||
| 526 | _aP10 | ||
| 650 | 0 | 4 | _aQuímica. |
| 942 |
_2ddc _cBOOK |
||
| 949 |
_a540 S73 _wDEWEY _c1 _i35262 _d2016-4-27 _e2016-4-14 _lCCODEBUL1 _mBUL _n1 _r0 _sY _tBOOK _u2015-6-25 _xEDUCACION _zUNKNOWN _0COMPRA _o.STAFF. Colección General |
||
| 949 |
_a540 S73 _wDEWEY _c2 _i35100 _lCCODEBUL1 _mBUL _r0 _sY _tBOOK _u2015-6-25 _xEDUCACION _zUNKNOWN _0COMPRA _o.STAFF. Colección General |
||
| 949 |
_a540 S73 _wDEWEY _c3 _i35101 _lCCODEBUL1 _mBUL _r0 _sY _tBOOK _u2015-6-25 _xEDUCACION _zUNKNOWN _0COMPRA _o.STAFF. Colección General |
||
| 994 |
_aC0 _bPEPRU |
||
| 596 | _a1 | ||
| 999 |
_a540 S73 _wDEWEY _c41185 _i35262 _d41185 _e2016-4-14 _f2021-11-5 _g5 _lCCODEBUL1 _mBUL _n1 _r0 _sY _tBOOK _u2015-6-25 _xBIBLIOTECA _zUNKNOWN _0COMPRA _o.STAFF. Colección General |
||
| 999 |
_a540 S73 _wDEWEY _c2 _i35100 _f2021-11-5 _g5 _lCCODEBUL1 _mBUL _r0 _sN _tBOOK _u2015-6-25 _xBIBLIOTECA _zUNKNOWN _0COMPRA _o.STAFF. Colección General |
||
| 999 |
_a540 S73 _wDEWEY _c3 _i35101 _e2017-5-3 _f2019-12-11 _g5 _lDISCARD _mBUL _n1 _r0 _sY _tBOOK _u2015-6-25 _xEDUCACION _zUNKNOWN _0COMPRA _o.STAFF. Colección General |
||
| 980 |
_81 _gALBERTO SANCHEZ Responsable de Automatización |
||